• 首页
  • 本馆介绍
  • 公告通知
  • 最新文献
  • 馆藏检索
  • 电子资源
  • 读者导购
  • 参考咨询
  • 我的图书馆
  • 登录
  • 详细信息显示
  • 放入我的书架
  • 预约/预借图书
  • 作者相关作品
  • 分类相关作品
  • 丛书相关作品
  • 出版社相关作品

书目信息

  • 表格格式
  • 工作单格式
  • 卡片格式
题名:
温室灌溉
    
 
作者: 周长吉 主编
分册:  
出版信息: 北京   化学工业出版社  2005
页数: 357页
开本: 24cm
丛书名:
单 册:
中图分类: S625.5
科图分类:
主题词: 温室--灌溉 , 温室 , 灌溉
电子资源:
ISBN: 7-5025-6983-9
000 00895nam0 2200253 450
001 012007714220
005 20070522171408.28
010    @a7-5025-6983-9@dCNY39.00
100    @a20070509d2005 km y0chiy0120 ea
101 0  @achi
102    @aCN@b110000
105    @aa z 000yy
106    @ar
200 1  @a温室灌溉@Awen shi guan gai@f周长吉主编@Fzhou chang ji zhu bian
210    @a北京@c化学工业出版社@d2005
215    @a357页@c图@d24cm
330    @a本书针对温室灌溉的特点,阐述了温室作物的水肥要求规律及其栽培基质的灌水特性,叙述了温室作物的水培原理,分析了温室作物的各种灌溉方式以及灌溉系统的组成原理,并重点对温室灌溉的水源水质、首部枢纽、各种灌水器、供水管路以及灌溉系统的测量与控制等做了论述。
606 0  @a温室@x灌溉
606 0  @a温室
606 0  @a灌溉
690    @aS625.5@v4
701  0 @a周长吉@Azhou chang ji@4主编
801  0 @aCN@bRULIN@c20070522
905    @dS625.5@e165@s10
    
    温室灌溉/周长吉主编.-北京:化学工业出版社,2005
    357页:图;24cm
    
    
    ISBN 7-5025-6983-9:CNY39.00
    本书针对温室灌溉的特点,阐述了温室作物的水肥要求规律及其栽培基质的灌水特性,叙述了温室作物的水培原理,分析了温室作物的各种灌溉方式以及灌溉系统的组成原理,并重点对温室灌溉的水源水质、首部枢纽、各种灌水器、供水管路以及灌溉系统的测量与控制等做了论述。
●
相关链接 在E读中查询图书 在五车中查询图书 在当当中查询图书 在豆瓣中查询图书


正题名:温室灌溉     索取号:S625.5/165         预约/预借

序号 登录号 条形码 馆藏地/架位号 状态 备注
1 0573601   205736015   第二样本阅览室/ [索取号:S625.5/165] 在馆    
2 0573602   205736024   第三借阅区/ [索取号:S625.5/165] 在馆    
3 0573603   205736033   教育系资料室/ [索取号:S625.5/165] 在馆    
4 0573604   205736042   第三借阅区/ [索取号:S625.5/165] 在馆    
5 0573605   205736051   教育系资料室/ [索取号:S625.5/165] 在馆    
6 0573606   205736060   教育系资料室/ [索取号:S625.5/165] 在馆    
7 0573607   205736079   第三借阅区/ [索取号:S625.5/165] 在馆    
8 0573608   205736088   教育系资料室/ [索取号:S625.5/165] 在馆    
9 0573609   205736097   第三借阅区/ [索取号:S625.5/165] 在馆    
10 0573610   205736104   教育系资料室/ [索取号:S625.5/165] 在馆    
唐山师范学院图书馆 欢迎您!
大连网信软件有限公司© 版权所有